[Event "Jm KP I 24-25 Loko Brno B - Jundrov C"]
[Site "?"]
[Date "2025.02.16"]
[Round "46.6"]
[White "Vojtek, Pevel"]
[Black "Mikolas, Jakub"]
[Result "0-1"]
[WhiteElo "1922"]
[BlackElo "1824"]
[PlyCount "52"]

1. d4 Nf6 2. Nf3 e6 3. e3 b6 4. Bd3 Bb7 5. O-O Be7 6. c4 O-O 7. Nc3 d5 8. b3
Nbd7 9. cxd5 exd5 10. Bb2 Re8 11. Ne5 Nxe5 12. dxe5 Ne4 13. Qc2 f5 14. exf6
Nxf6 15. Rfd1 Bd6 16. Nb5 Bxh2+ 17. Kxh2 Ng4+ 18. Kg1 Qh4 19. Bxh7+ Kh8 20.
Bxg7+ Kxg7 21. Qg6+ Kh8 22. Qc2 Qh2+ 23. Kf1 Rxe3 24. Qb2+ Re5 25. Be4 dxe4 26.
Ke2 Qf4 0-1

[Event "Jm KP I 24-25 Loko Brno B - Jundrov C"]
[Site "?"]
[Date "2025.02.16"]
[Round "46.7"]
[White "Lisik, Miroslav"]
[Black "Velim, Vejtech"]
[Result "0-1"]
[WhiteElo "1825"]
[BlackElo "1868"]
[PlyCount "44"]

1. e4 c6 2. d4 d5 3. e5 Bf5 4. g4 Bd7 5. Nc3 h5 6. gxh5 e6 7. Be3 Nh6 8. Bd3 c5
9. dxc5 Nc6 10. Nf3 Ng4 11. Bg5 Qa5 12. Rg1 Ngxe5 13. Nxe5 Nxe5 14. Qe2 Nxd3+
15. Qxd3 Rxh5 16. O-O-O Qxc5 17. Nxd5 Qxd5 18. Qxd5 exd5 19. Rxd5 Be6 20. Rd2
Be7 21. Bf4 g5 22. Bg3 Rd8 0-1

[Event "Jm KP I 24-25 Loko Brno B - Jundrov C"]
[Site "?"]
[Date "2025.02.16"]
[Round "46.8"]
[White "Tovarek, Antonin"]
[Black "Sladek, Vladislav"]
[Result "0-1"]
[WhiteElo "1856"]
[BlackElo "1912"]
[PlyCount "104"]

1. e4 d5 2. exd5 Qxd5 3. Nc3 Qa5 4. Nf3 Nf6 5. Be2 c6 6. O-O Bf5 7. d4 e6 8. a3
Bd6 9. b4 Bxb4 10. axb4 Qxa1 11. Qd2 O-O 12. Bc4 b5 13. Bd3 a5 14. Bxf5 exf5
15. bxa5 Qxa5 16. Qd3 b4 17. Ne2 Qa6 18. Qd2 Ne4 19. Qe3 Nd7 20. Ne5 Ndf6 21.
Ng3 Nxg3 22. Qxg3 Ng4 23. Nd3 Kh8 24. h3 Nf6 25. Qf4 Qb5 26. Ne5 Qd5 27. Qxf5
Qxd4 28. Nxc6 Qd5 29. Qxd5 Nxd5 30. Bd2 Rfc8 31. Nxb4 Nxb4 32. Bxb4 Rxc2 33.
Bd6 h6 34. Bg3 Kh7 35. h4 Kg6 36. Rd1 Raa2 37. Rb1 Rcb2 38. Rxb2 Rxb2 39. Bf4
Kf5 40. Be3 Kg4 41. g3 Kf3 42. Ba7 Ra2 43. Bb6 f5 44. Bd4 g6 45. Be3 h5 46. Bc5
Ra1+ 47. Kh2 Rf1 48. Bd4 Rxf2+ 49. Bxf2 Kxf2 50. Kh3 Kg1 51. g4 hxg4+ 52. Kg3
Kf1 0-1

[Event "Jm KP I 24-25 Vyskov-Universita B"]
[Site "?"]
[Date "2025.02.16"]
[Round "47.1"]
[White "Jires, Jiri"]
[Black "Gajdos, Daniel"]
[Result "1-0"]
[WhiteElo "2075"]
[BlackElo "2099"]
[PlyCount "87"]
[EventDate "2025.02.16"]

1. e4 e5 2. Nf3 Nc6 3. d4 exd4 4. c3 d5 5. exd5 Qxd5 6. cxd4 Nf6 7. Nc3 Bb4 8.
Be2 O-O 9. O-O Qa5 10. Bd2 Nd5 11. Rc1 Bf5 12. Nxd5 Qxd5 13. Rxc6 bxc6 14. Bxb4
Rfb8 15. a3 a5 16. Bc3 Be4 17. Re1 Re8 18. Ne5 Qd6 19. Bf1 Bd5 20. Nc4 Rxe1 21.
Qxe1 Qg6 22. Bxa5 f6 23. Ne3 Re8 24. Bxc7 Qe4 25. Qd1 Bf7 26. h3 Qe7 27. Ba5
Qa7 28. Bb4 Re4 29. Qc2 Qxd4 30. Bc3 Qa4 31. Qxa4 Rxa4 32. Bb4 Be6 33. Bd3 Kf7
34. Kf1 g6 35. Ke2 f5 36. f4 Bb3 37. g3 Ra8 38. Nc4 Re8+ 39. Kd2 Kg8 40. Kc3
Ba2 41. b3 Rb8 42. Nd2 Rd8 43. Bc4+ Kg7 44. Kb2 1-0

[Event "Jm KP I 24-25 Vyskov-Universita B"]
[Site "?"]
[Date "2025.02.16"]
[Round "47.2"]
[White "Ibrahim, Emad Eldin"]
[Black "Cermak, Jan"]
[Result "1-0"]
[WhiteElo "2031"]
[BlackElo "2014"]
[PlyCount "69"]
[EventDate "2025.02.16"]

1. e4 c6 2. d4 d5 3. exd5 cxd5 4. c4 Nf6 5. Nc3 Nc6 6. Bg5 Be6 7. Nf3 g6 8. Qb3
Na5 9. Qa3 Bg7 10. cxd5 Bxd5 11. Bb5+ Nc6 12. Qc5 Bxf3 13. gxf3 O-O 14. O-O-O
Qd6 15. Qxd6 exd6 16. Bf4 Rad8 17. Rhe1 Nh5 18. Bg5 f6 19. Be3 a6 20. Ba4 Na5
21. b4 Rc8 22. bxa5 Rxc3+ 23. Kb2 Rfc8 24. Bb3+ Kf8 25. Rc1 Rxc1 26. Rxc1 Rxc1
27. Kxc1 f5 28. Bd5 f4 29. Bd2 Bxd4 30. Bxb7 g5 31. Bxa6 Nf6 32. Bd3 h5 33. a6
Ke7 34. Be1 Kd8 35. Bc3 1-0

[Event "Jm KP I 24-25 Vyskov-Universita B"]
[Site "?"]
[Date "2025.02.16"]
[Round "47.3"]
[White "Volak, Simon"]
[Black "Kisa, Lubomir"]
[Result "1/2-1/2"]
[WhiteElo "2095"]
[BlackElo "2163"]
[PlyCount "88"]
[EventDate "2025.02.16"]

1. d4 d5 2. c4 c6 3. cxd5 cxd5 4. Nc3 Nf6 5. Bf4 Nc6 6. e3 Bf5 7. Rc1 e6 8. Bd3
Bxd3 9. Qxd3 Bd6 10. Bg3 O-O 11. Nf3 a6 12. O-O Bxg3 13. hxg3 Qd6 14. Na4 Nd7
15. Nc5 Nxc5 16. Rxc5 Rfd8 17. Rfc1 f6 18. Qb3 Rab8 19. a3 Ne7 20. Ne1 Rd7 21.
Nd3 b6 22. R5c3 a5 23. Qb5 Rdb7 24. b4 axb4 25. Nxb4 Kf7 26. Qe2 g6 27. Qa6 Qd7
28. Nc6 Rc8 29. Nxe7 Rxc3 30. Rxc3 Qxe7 31. Rc8 b5 32. Rc6 Ra7 33. Qxb5 Qxa3
34. Qb8 Qa4 35. Rc1 Kg7 36. Kh2 Qd7 37. Rc8 Qf7 38. Qd6 g5 39. g4 Rd7 40. Qc6
h5 41. gxh5 Qxh5+ 42. Kg1 Qd1+ 43. Kh2 Qh5+ 44. Kg1 Qd1+ 1/2-1/2

[Event "Jm KP I 24-25 Vyskov-Universita B"]
[Site "?"]
[Date "2025.02.16"]
[Round "47.4"]
[White "Moulis, Mojmir"]
[Black "Zabloudil, Radek"]
[Result "1/2-1/2"]
[WhiteElo "2026"]
[BlackElo "1938"]
[PlyCount "114"]
[EventDate "2025.02.16"]

1. e4 c5 2. Nf3 Nc6 3. d4 cxd4 4. Nxd4 Nf6 5. Nc3 e5 6. Ndb5 d6 7. Bg5 a6 8.
Na3 b5 9. Nd5 Be7 10. Bxf6 Bxf6 11. c3 Bg5 12. g3 O-O 13. Bg2 Ne7 14. O-O Nxd5
15. Qxd5 Be6 16. Qd1 Qe7 17. Nc2 a5 18. Re1 Rad8 19. Ne3 Bxe3 20. Rxe3 f5 21.
exf5 Rxf5 22. Be4 Rf6 23. Qc2 h6 24. Rd1 Qf7 25. b3 Rf8 26. Rd2 d5 27. Bg2 e4
28. Re1 Qa7 29. Qb2 Qb6 30. Qc2 Rc8 31. Qb2 Qc5 32. Bf1 Rf3 33. Rc2 Bf5 34.
Rcc1 Bd7 35. c4 e3 36. fxe3 Rxe3 37. Qf2 Rxe1 38. Rxe1 dxc4 39. bxc4 bxc4 40.
Bg2 Qxf2+ 41. Kxf2 Kf7 42. Rc1 c3 43. Ke3 Be6 44. a3 Bb3 45. Be4 Kf6 46. Kd3 c2
47. Kd2 Rd8+ 48. Kc3 Rd1 49. Kb2 Rxc1 50. Kxc1 Kg5 51. Kd2 Kg4 52. Bg2 Kf5 53.
Bf3 Ke5 54. Bb7 Kd4 55. Bg2 g5 56. Bb7 Ba4 57. Bc8 Bb3 1/2-1/2

[Event "Jm KP I 24-25 Vyskov-Universita B"]
[Site "?"]
[Date "2025.02.16"]
[Round "47.5"]
[White "Rozumek, Vlastimil"]
[Black "Hladik, Josef"]
[Result "1/2-1/2"]
[WhiteElo "1948"]
[BlackElo "1933"]
[PlyCount "52"]
[EventDate "2025.02.16"]

1. d4 d5 2. Nf3 Nf6 3. Bg5 Ne4 4. Bf4 c5 5. Nc3 Nxc3 6. bxc3 e6 7. e3 Nc6 8.
Bb5 Qa5 9. Bxc6+ bxc6 10. O-O Ba6 11. Re1 Be7 12. Ne5 Rc8 13. Qg4 g6 14. e4
cxd4 15. cxd4 dxe4 16. c4 f6 17. Qxe6 fxe5 18. Bxe5 Rf8 19. Bd6 Rf7 20. Rxe4
Qf5 21. Qxe7+ Rxe7 22. Rxe7+ Kd8 23. c5 Rb8 24. Rae1 Rb1 25. Re8+ Kd7 26. R8e7+
Kd8 1/2-1/2

[Event "Jm KP I 24-25 Vyskov-Universita B"]
[Site "?"]
[Date "2025.02.16"]
[Round "47.6"]
[White "Uhmann, Jan"]
[Black "Hejny, Jaroslav"]
[Result "1/2-1/2"]
[WhiteElo "1951"]
[BlackElo "1992"]
[PlyCount "40"]
[EventDate "2025.02.16"]

1. e4 e5 2. Nf3 Nc6 3. d4 exd4 4. Bc4 Nf6 5. O-O Nxe4 6. Re1 d5 7. Bxd5 Qxd5 8.
Nc3 Qh5 9. Nxe4 Be6 10. Neg5 O-O-O 11. Nxe6 fxe6 12. Rxe6 Bd6 13. h3 Ne5 14. g4
Nxf3+ 15. Qxf3 Qc5 16. Bf4 Bxf4 17. Qxf4 Rhf8 18. Qd2 h5 19. Rae1 hxg4 20. R1e5
Qc4 1/2-1/2

[Event "Jm KP I 24-25 Vyskov-Universita B"]
[Site "?"]
[Date "2025.02.16"]
[Round "47.7"]
[White "Pukowietz, Patrik"]
[Black "Tvrdy, Radovan"]
[Result "1/2-1/2"]
[WhiteElo "1684"]
[BlackElo "1815"]
[PlyCount "54"]
[EventDate "2025.02.16"]

1. e4 Nf6 2. e5 Nd5 3. d4 d6 4. c4 Nb6 5. exd6 cxd6 6. Nc3 g6 7. Nf3 Bg7 8. Be3
O-O 9. Be2 Nc6 10. Rc1 e5 11. dxe5 dxe5 12. Qxd8 Rxd8 13. O-O Nd4 14. Rfd1
Nxe2+ 15. Nxe2 Bg4 16. Rxd8+ Rxd8 17. b3 e4 18. Nfd4 Nc8 19. h3 Bxe2 20. Nxe2
a6 21. Kf1 Ne7 22. Ke1 Kf8 23. Rd1 Ke8 24. Rxd8+ Kxd8 25. Nd4 Kd7 26. Ke2 Nc6
27. Nxc6 Kxc6 1/2-1/2

[Event "Jm KP I 24-25 Vyskov-Universita B"]
[Site "?"]
[Date "2025.02.16"]
[Round "47.8"]
[White "Sebek, Jan"]
[Black "Mikulasek, Ondrej"]
[Result "0-1"]
[WhiteElo "1800"]
[BlackElo "1611"]
[PlyCount "70"]
[EventDate "2025.02.16"]

1. e4 c5 2. Nc3 Nc6 3. g3 g6 4. Bg2 Bg7 5. f4 e6 6. Nf3 d5 7. d3 dxe4 8. Nxe4
Nf6 9. O-O Nxe4 10. dxe4 O-O 11. c3 b6 12. Qc2 Qc7 13. Be3 Bb7 14. Ng5 Rfe8 15.
e5 Ne7 16. Bxb7 Qxb7 17. Ne4 Red8 18. Rae1 Qa6 19. c4 Nf5 20. b3 Rd7 21. g4 Ne7
22. Nf6+ Bxf6 23. exf6 Nc6 24. Qg2 Qc8 25. Rd1 Qd8 26. Rxd7 Qxd7 27. f5 exf5
28. gxf5 Rc8 29. fxg6 hxg6 30. Bh6 Nd8 31. Qf3 Ne6 32. Rd1 Nd4 33. Qf2 Qg4+ 34.
Kh1 Qxd1+ 35. Kg2 Qe2 0-1

[Event "Jm KP I 24-25 Lipovec - Orechov"]
[Site "?"]
[Date "2025.02.16"]
[Round "48.1"]
[White "Krejci, Petr"]
[Black "Husek, Martin"]
[Result "0-1"]
[WhiteElo "1925"]
[BlackElo "2225"]
[PlyCount "60"]
[EventDate "2024.??.??"]

1. e4 c5 2. Nf3 Nc6 3. d4 cxd4 4. Nxd4 e6 5. Be3 Nf6 6. Bd3 d5 7. Nxc6 bxc6 8.
exd5 cxd5 9. Nd2 Bd6 10. O-O O-O 11. Bg5 Rb8 12. Nb3 h6 13. Bh4 a5 14. a4 Rb4
15. Bg3 Bxg3 16. hxg3 Bd7 17. Qd2 Bxa4 18. Nc5 Bb5 19. c3 Bxd3 20. Nxd3 Rb5 21.
Ra2 Qb6 22. Rfa1 Ne4 23. Qf4 Nc5 24. Ne5 a4 25. Rb1 Rb3 26. Rxa4 Nxa4 27. Qxa4
Rxb2 28. Rf1 Rb1 29. Rxb1 Qxb1+ 30. Kh2 Qe4 0-1

[Event "Jm KP I 24-25 Lipovec - Orechov"]
[Site "?"]
[Date "2025.02.16"]
[Round "48.2"]
[White "Lakatos, Tomas"]
[Black "Sekanina, Jiri"]
[Result "1/2-1/2"]
[WhiteElo "2058"]
[BlackElo "1975"]
[PlyCount "66"]
[EventDate "2024.??.??"]

1. Nc3 c5 2. f4 Nc6 3. Nf3 d6 4. g3 g6 5. Bg2 Bg7 6. O-O Nf6 7. d3 Bg4 8. h3
Bxf3 9. Bxf3 O-O 10. e4 Nd4 11. Bg2 Rb8 12. a4 b6 13. Nb5 a6 14. Na3 Qc7 15. c3
Nc6 16. Bd2 b5 17. axb5 axb5 18. Be3 b4 19. Nc4 Nd7 20. Rc1 bxc3 21. bxc3 Na5
22. Nxa5 Qxa5 23. d4 Rfc8 24. e5 cxd4 25. cxd4 Nb6 26. Qd3 Nd7 27. Bc6 Nf8 28.
g4 dxe5 29. fxe5 e6 30. Rc5 Qa2 31. Rf2 Qb1+ 32. Qxb1 Rxb1+ 33. Kg2 Rb3 1/2-1/2

[Event "Jm KP I 24-25 Lipovec - Orechov"]
[Site "?"]
[Date "2025.02.16"]
[Round "48.3"]
[White "Slouka, Lukas"]
[Black "Rehurek, Lukas"]
[Result "0-1"]
[WhiteElo "1908"]
[BlackElo "2107"]
[PlyCount "81"]
[EventDate "2024.??.??"]

1. b3 e5 2. Bb2 Nc6 3. e3 d5 4. Bb5 Bd6 5. Nf3 f6 6. c4 a6 7. Ba4 Nge7 8. Nc3
Be6 9. d4 dxc4 10. dxe5 fxe5 11. Ng5 Qd7 12. bxc4 Bxc4 13. Bb3 Na5 14. Nge4 Rd8
15. Bxc4 Nxc4 16. Qb3 b5 17. O-O Na5 18. Qc2 O-O 19. Rfd1 Qf5 20. Rac1 Nc4 21.
Nxd6 Qxc2 22. Rxc2 Rxd6 23. Rxd6 cxd6 24. e4 Rc8 25. Ba1 Kf7 26. Rc1 Ke6 27. f3
b4 28. Nd1 g6 29. Kf2 a5 30. Ke2 d5 31. exd5+ Kxd5 32. Ne3+ Nxe3 33. Rxc8 Nxc8
34. Kxe3 Nd6 35. Kd3 a4 36. Kc2 Nf5 37. Kd3 Nh4 38. Ke3 Nxg2+ 39. Kd3 Ne1+ 40.
Ke2 Nc2 41. Bb2 0-1

[Event "Jm KP I 24-25 Lipovec - Orechov"]
[Site "?"]
[Date "2025.02.16"]
[Round "48.4"]
[White "Messerschmidt, Stanislav"]
[Black "Mizak, Jan"]
[Result "1-0"]
[WhiteElo "1939"]
[BlackElo "1908"]
[PlyCount "136"]
[EventDate "2024.??.??"]

1. e4 c5 2. c4 d6 3. Nc3 Nf6 4. d3 g6 5. g3 Bg7 6. Bg2 O-O 7. Nge2 Nc6 8. O-O
Rb8 9. h3 a6 10. f4 e6 11. g4 Ne8 12. Rb1 Nd4 13. Kh1 b5 14. Nxd4 Bxd4 15. Ne2
Bg7 16. b3 Bb7 17. Qc2 b4 18. Be3 Nc7 19. Ng3 Qe7 20. Qf2 f6 21. Qg1 e5 22. f5
g5 23. Bf3 h6 24. h4 a5 25. Qh2 Rf7 26. Kg2 Bc6 27. Rh1 Bf8 28. hxg5 fxg5 29.
Rbf1 Ne8 30. f6 Qxf6 31. Be2 Qg6 32. Rxf7 Qxf7 33. Bxg5 Qg6 34. Bxh6 Bxh6 35.
Qxh6 Qxh6 36. Rxh6 a4 37. Bd1 axb3 38. Bxb3 Ra8 39. Nf5 Ba4 40. Nxd6 Nxd6 41.
Rxd6 Bxb3 42. axb3 Ra3 43. Rd5 Rxb3 44. Kf3 Rb1 45. Rxc5 b3 46. Rb5 b2 47. Kg2
Kf7 48. Rb3 Ke7 49. c5 Kd7 50. g5 Rd1 51. Rxb2 Rxd3 52. Rc2 Kc6 53. g6 Rd7 54.
Kf3 Rg7 55. Rg2 Kxc5 56. Rg1 Kd6 57. Rg5 Ke6 58. Kg4 Kf6 59. Kh5 Ra7 60. Kh6
Ra1 61. Rf5+ Ke6 62. g7 Rh1+ 63. Kg6 Rg1+ 64. Rg5 Rxg5+ 65. Kxg5 Kf7 66. Kf5
Kxg7 67. Kxe5 Kf7 68. Kd6 Ke8 1-0

[Event "Jm KP I 24-25 Lipovec - Orechov"]
[Site "?"]
[Date "2025.02.16"]
[Round "48.5"]
[White "Sevcik, David"]
[Black "Kubat, Pavel"]
[Result "1/2-1/2"]
[WhiteElo "1942"]
[BlackElo "1938"]
[PlyCount "25"]
[EventDate "2024.??.??"]

1. b3 Nf6 2. Bb2 g6 3. e3 Bg7 4. d4 d6 5. Nf3 O-O 6. c4 c6 7. Nc3 Nbd7 8. Be2
e5 9. dxe5 dxe5 10. O-O Re8 11. Qc2 Nc5 12. Rfd1 Qc7 13. e4 1/2-1/2

[Event "Jm KP I 24-25 Lipovec - Orechov"]
[Site "?"]
[Date "2025.02.16"]
[Round "48.6"]
[White "Paral, Stanislav"]
[Black "Flasar, Jan"]
[Result "1-0"]
[WhiteElo "1949"]
[BlackElo "1792"]
[PlyCount "77"]
[EventDate "2024.??.??"]

1. b3 d5 2. Bb2 c5 3. e3 Nf6 4. Nf3 Nc6 5. c4 d4 6. exd4 cxd4 7. d3 e5 8. Nbd2
Be7 9. a3 a5 10. Be2 O-O 11. O-O Bf5 12. Re1 Qc7 13. Qc2 Rfe8 14. Nf1 h6 15.
Ng3 Bh7 16. Nd2 Nd7 17. Bf3 f5 18. Bh5 Rf8 19. Bf3 Nf6 20. Re2 Rae8 21. Rae1
Bd6 22. c5 Be7 23. b4 axb4 24. axb4 Bd8 25. b5 Nb8 26. Nc4 Nbd7 27. c6 bxc6 28.
bxc6 Nc5 29. Nxe5 Ne6 30. Qb3 Kh8 31. Nd7 Nf4 32. Rxe8 Rxe8 33. Rxe8+ Nxe8 34.
Bxd4 Qa5 35. h3 Qe1+ 36. Kh2 Bc7 37. Qf7 Nxd3 38. Qf8+ Bg8 39. Bd5 1-0

[Event "Jm KP I 24-25 Lipovec - Orechov"]
[Site "?"]
[Date "2025.02.16"]
[Round "48.7"]
[White "Jiruse, Jaroslav"]
[Black "Borovsky, Adam"]
[Result "1-0"]
[WhiteElo "1818"]
[BlackElo "1923"]
[PlyCount "55"]
[EventDate "2024.??.??"]

1. d4 d5 2. c4 c6 3. Nf3 Nf6 4. Nc3 e6 5. Bg5 Be7 6. Qc2 Nbd7 7. e3 O-O 8. Bd3
h6 9. Bh4 b6 10. O-O Bb7 11. cxd5 exd5 12. Qe2 c5 13. Rad1 c4 14. Bb1 Rc8 15.
Ne5 Ne4 16. Bxe7 Qxe7 17. f4 Nxc3 18. bxc3 Nxe5 19. fxe5 b5 20. Rf3 b4 21. Rg3
Rc6 22. Qg4 g6 23. h4 bxc3 24. h5 Bc8 25. Qf3 Qh4 26. hxg6 fxg6 27. Qxd5+ Re6
28. Rxg6+ 1-0

[Event "Jm KP I 24-25 Lipovec - Orechov"]
[Site "?"]
[Date "2025.02.16"]
[Round "48.8"]
[White "Bucek, Miroslav"]
[Black "Sevcik, Lubos"]
[Result "1/2-1/2"]
[WhiteElo "1849"]
[BlackElo "1728"]
[PlyCount "48"]
[EventDate "2024.??.??"]

1. e4 e6 2. d4 d5 3. exd5 exd5 4. Nf3 Bd6 5. Bd3 Nf6 6. Qe2+ Qe7 7. Qxe7+ Bxe7
8. O-O O-O 9. Re1 Bd6 10. Bg5 Nbd7 11. Nbd2 b6 12. Re2 a5 13. Rae1 Ba6 14. Bxa6
Rxa6 15. Ne5 h6 16. Nxd7 Nxd7 17. Be7 Rc8 18. Bxd6 cxd6 19. Re8+ Rxe8 20. Rxe8+
Nf8 21. a4 Ra7 22. Rd8 Rc7 23. c3 Rc6 24. Kf1 f6 1/2-1/2